Método del impuesto diferido frente al impuesto a las ganancias (Registro nro. 16829)

Detalles MARC
000 -LEADER
fixed length control field 00396 a2200121 4500
001 - CONTROL NUMBER
control field ART_7101
005 - DATE AND TIME OF LATEST TRANSACTION
control field 20260410161719.0
008 - FIXED-LENGTH DATA ELEMENTS--GENERAL INFORMATION
fixed length control field 260409a
100 1# - MAIN ENTRY--PERSONAL NAME
Personal name Farinola, Serafina
245 10 - TITLE STATEMENT
Title Método del impuesto diferido frente al impuesto a las ganancias
700 1# - ADDED ENTRY--PERSONAL NAME
Personal name Larocca, Norberto Genaro
773 0# - HOST ITEM ENTRY
Title Contabilidad y auditoría
Related parts - Año 6, Nº 11 (jun. 2000)
Record control number REV1723

No hay ítems disponibles.